| 000 | 00634nam a2200241Ia 4500 | ||
|---|---|---|---|
| 005 | 20260121112645.0 | ||
| 008 | 7756 260114s9999 xx 000 0 eng d | ||
| 020 | _a9789812773180 | ||
| 037 | _aEBOOK | ||
| 040 |
_aCRL _beng _cCRL |
||
| 041 |
_aeng _2eng |
||
| 084 | _qCRL | ||
| 100 |
_aYang Jiashi _9961135 |
||
| 245 | 0 | _aAnalysis of Piezoelectric Devices | |
| 260 | _bWorld Scientific | ||
| 260 | _bWSPC | ||
| 260 | _c2006 | ||
| 650 |
_aEngineering / Acoustics _9961136 |
||
| 856 | _uhttps://www.worldscientific.com/worldscibooks/10.1142/6156#t=toc | ||
| 942 | _cEBOOK | ||
| 999 |
_c1545056 _d1545056 |
||